Библиография Победы

“Убежден: опыт солидарности, партнерства в годы борьбы с общей угрозой — это наше бесценное наследие, прочная опора именно сейчас, когда набирает силу необратимое движение к более справедливому многополярному миру, основанному на принципах доверия и неделимой безопасности, равных возможностей для самобытного и свободного развития всех стран и народов.”

В.В. Путин

В помощь начальнику клуба, парторгу, комсоргу, библиотекарю и книгоноше (Запись № 1352)

Подробности
000 -МАРКЕР
контрольное поле 01621nam1a2200301 4500
001 - ИДЕНТИФИКАТОР ЗАПИСИ
контрольное поле RU\NLR\BIBL_A\010706448
005 - ИДЕНТИФИКАТОР ВЕРСИИ
контрольное поле 20250807190007.0
035 ## - ДРУГИЕ СИСТЕМНЫЕ НОМЕРА
Идентификатор записи (NLR Aleph) 010706448
100 ## - ДАННЫЕ ОБЩЕЙ ОБРАБОТКИ
Данные общей обработки 20250807 rusy50
101 0# - ЯЗЫК РЕСУРСА
Язык текста, звукозаписи и т.д. русский
102 ## - СТРАНА ПУБЛИКАЦИИ ИЛИ ПРОИЗВОДСТВА
Страна публикации российская федерация
105 ## - ПОЛЕ КОДИРОВАННЫХ ДАННЫХ: ТЕКСТОВЫЕ МАТЕРИАЛЫ, МОНОГРАФИЧЕСКИЕ
Кодированные данные о монографическом текстовом документе ||||z||||||||
200 1# - ЗАГЛАВИЕ И СВЕДЕНИЯ ОБ ОТВЕТСТВЕННОСТИ
Основное заглавие В помощь начальнику клуба, парторгу, комсоргу, библиотекарю и книгоноше
Сведения, относящиеся к заглавию бюллетень
Первые сведения об ответственности Политическое Управление Краснознаменного Балтийского Флота, [IV отдел ПУ КБФ
Последующие сведения об ответственности отв. редактор: М.Т. Мельник]
210 ## - ПУБЛИКАЦИЯ, РАСПРОСТРАНЕНИЕ И ДР.
Место издания, распространения и т.д. Ленинград
Имя издателя, распространителя и т. д. 2-я типо-литография УВМИ
Дата издания, распространения и т.д. 1943
215 ## - ФИЗИЧЕСКАЯ ХАРАКТЕРИСТИКА
Размеры 17,3х12,8х0,4
300 ## - ОБЩИЕ ПРИМЕЧАНИЯ
Текст примечания На тит. л. лозунг: Смерть немецким оккупантам!
606 1# - НАИМЕНОВАНИЕ ТЕМЫ КАК ПРЕДМЕТ
Наименование темы Книги
Тематический подзаголовок Пропаганда в вооруженных силах
Формальный подзаголовок Руководства, пособия и т.п
Код системы nlr_sh2
Идентификатор авторитетной/нормативной записи RU\NLR\AUTH\6601568626
689 1# - БИБЛИОТЕЧНО-БИБЛИОГРАФИЧЕСКАЯ КЛАССИФИКАЦИЯ (ББК)
Первая часть составного индекса Ц4,6(2)425.223.3я7
702 #1 - ИМЯ ЛИЦА - ВТОРИЧНАЯ ОТВЕТСТВЕННОСТЬ
Начальный элемент ввода Мельник
Часть имени, кроме начального элемента ввода М. Т.
Дополнения к именам, кроме дат ред. изд-ва
Даты 1908-
Расширение инициалов личного имени Михаил Терентьевич
Идентификатор авторитетной/нормативной записи RU\NLR\AUTH\770140376
Код отношения Редактор
712 02 - НАИМЕНОВАНИЕ ОРГАНИЗАЦИИ - ВТОРИЧНАЯ ОТВЕТСТВЕННОСТЬ
Начальный элемент ввода Балтийский флот
Структурное подразделение Политическое управление
Идентификатор авторитетной/нормативной записи RU\NLR\AUTH\8810005574
Код отношения Прочие
852 ## - МЕСТОНАХОЖДЕНИЕ И ШИФР ХРАНЕНИЯ
Идентификатор организации NLR
Шифр хранения (Call Number) II Л3-259/1-109 а
942 ## - ДОПОЛНИТЕЛЬНЫЕ ЭЛЕМЕНТЫ ЗАПИСИ (АБИС)
Тип экземпляра АБИС Книга
945 ## - Информацию об издании предоставили:
Полное название организации, предоставившей материал Российская национальная библиотека
980 ## - КОЛЛЕКЦИЯ
Название коллекции Национальная библиография
980 ## - КОЛЛЕКЦИЯ
Название коллекции Библиография Победы

Нет доступных экземпляров.